00758nam a22002417a 450000500170000001000110001702000100002803500110003803700160004904000120006508200130007710000230009024500530011326000380016627000260020430000280023050000190025865000450027765000350032294200220035799900190037995201180039820170124110058.0 a486231 c00.00 a486231 bCen Lib/Ret aDPLbEN a960bTAY aTaylor, Don926827 aAfrica :cby Don Taylorbthe portrait of power / bRobert Hale LimitedaLondonc1967 a63, Old Brompton Road a191p. :c20cm(Hb)bill. aIncludes index aAfrica -- Politics and government926828 aPolitics and government996001 2ddccENh960mTAY c129591d129591 00104070aLbLd2015-07-07eCen Lib/Retg0.00l0o960 TAYp486231r2015-07-07 00:00:00t1v0.00w2015-07-07yEN